00535nam a2200193Ia 4500008004100000020001800041050001500059050001800074100003500092245007200127245003300199260001700232260002000249260000900269300001600278300002000294300001100314650001600325160319s9999 xx 000 0 und d a971-725-091-X aFIL TX 353 b.B33 2003 c.3 aBaclig, Maria Josefina Rueda - aBasic principles of nutrition and their application in daily life / cMaria Josefina Rueda-Baclig. aMakati City: bGrandwater Pub. c2003 a161 pages : billustrations ; c22 cm. aNutrition.